000 00470nam a2200193Ia 4500
005 20250923145931.0
008 008 250917s9999 xx 000 0 eng d
037 _aTextual
040 _aDSWL
_beng
_cDSWL
041 _aeng
_2eng
084 _qDSWL
100 _aKakar, S.
_9840467
245 4 _aThe innar World
_c by S. Kakar
260 _aDelhi
_bOxford
_c1981
365 _aINR
_b150.00
925 _g150.00
942 _cTEXL
999 _c1457543
_d1457543